[Event "Imperia op-A 43rd"]
[Site "Imperia"]
[Date "2001.09.05"]
[Round "5"]
[White "Egartner, Wolfgang"]
[Black "Raviola, Giuseppe"]
[Result "1/2-1/2"]
[WhiteElo "2178"]
[BlackElo "2105"]
[PlyCount "27"]
[EventDate "2001.09.02"]
[EventType "swiss"]
[EventRounds "9"]
[EventCountry "ITA"]
[SourceTitle "EXT 2024"]
[Source "ChessBase"]
[SourceDate "2023.10.10"]
[SourceVersion "1"]
[SourceVersionDate "2023.10.10"]
[SourceQuality "1"]

1. d4 Nf6 2. Nf3 d5 3. c4 e6 4. g3 Be7 5. Bg2 0-0 6. 0-0 Nbd7 7. b3 b6 8. Qc2 Bb7 9. Nc3 Rc8 10. Ne5 c5 11. e3 Qc7 12. Nb5 Qb8 13. Nxd7 Nxd7 14. Bb2 1/2-1/2

[Event "Imperia op-A 42nd"]
[Site "Imperia"]
[Date "2000.09.09"]
[Round "8"]
[White "Raviola, Giuseppe"]
[Black "Blasco, Domenico"]
[Result "1-0"]
[WhiteElo "1909"]
[BlackElo "2070"]
[PlyCount "73"]
[EventDate "2000.09.03"]
[EventType "swiss"]
[EventRounds "9"]
[EventCountry "ITA"]
[SourceTitle "EXT 2001"]
[Source "ChessBase"]
[SourceDate "2000.11.22"]
[SourceVersion "1"]
[SourceVersionDate "2000.11.22"]
[SourceQuality "1"]

1. e4 Nf6 2. e5 Nd5 3. d4 d6 4. c4 Nb6 5. exd6 cxd6 6. Nf3 g6 7. h3 Bg7 8. Bd3 Nc6 9. Be3 0-0 10. Qd2 e5 11. d5 Ne7 12. Bxb6 Qxb6 13. Nc3 h6 14. 0-0-0 Bd7 15. Qe3 Qc7 16. Nd2 Nf5 17. Bxf5 Bxf5 18. Nb5 Qd8 19. g4 Bc8 20. Qa3 f5 21. gxf5 Rxf5 22. f3 Rh5 23. Qxd6 Qxd6 24. Nxd6 Rxh3 25. Rxh3 Bxh3 26. Nxb7 g5 27. c5 g4 28. fxg4 Bxg4 29. Rg1 Bf5 30. c6 Bc8 31. Nd6 Kh7 32. Ne8 Bh8 33. Ne4 h5 34. d6 Bf5 35. N4f6+ Kh6 36. d7 h4 37. Rg8 1-0